000
00256nam a22001217a 4500
082
_a
530 DAT'I
100
_a
DATTA, G.L.DR
_9
57135
245
_a
INTERMEDIATE PHYSICS
250
_a
16TH
260
_a
DELHI
_b
ATMA RAM
_c
1959
300
_a
783P
942
_c
BK
999
_c
567431
_d
567431